Oxford apostles ; a character study of the Oxford movement /

Bibliographic Details
Main Author: Faber, G. C. (Geoffrey Cust), 1889-1961
Format: Book
Language:English
Published: N.Y. : Scribner, 1934.
Subjects:

MARC

Tag First Indicator Second Indicator Subfields
LEADER 00000cam a2200000 4500
001 in00000038089
005 20211225063324.0
008 770610r19341933xx 00000 eng d
035 |a (OCoLC)03032404 
035 |9 AAF5433AM 
040 |a OCP  |c OCP  |d TXA  |d UtOrBLW 
049 |a TXAM  |c [263524] 
090 |a BX5100  |b .F3 1936 
092 |a 283.42  |b F115o 
100 1 |a Faber, G. C.  |q (Geoffrey Cust),  |d 1889-1961. 
245 1 0 |a Oxford apostles ;  |b a character study of the Oxford movement /  |c by Geoffrey Faber. 
264 1 |a N.Y. :  |b Scribner,  |c 1934. 
300 |a xxiii, 467 pages, 1 unnumbered page including frontispiece :  |b portraits ;  |c 23 cm. 
336 |a text  |b txt  |2 rdacontent 
337 |a unmediated  |b n  |2 rdamedia 
338 |a volume  |b nc  |2 rdacarrier 
500 |a "First published in June 1933." 
504 |a "Principal authorities": pages [xxi]-xxiii. 
600 1 0 |a Newman, John Henry,  |c Saint,  |d 1801-1890. 
650 0 |a Oxford movement. 
999 |a MARS 
999 f f |s 899bb29e-d2b5-3f33-af6d-25e3a3628772  |i 1720df51-0248-3c28-aa83-b7bd707eb8ed  |t 0 
952 f f |p normal  |a Texas A&M University  |b College Station  |c Sterling C. Evans Library  |d Evans: Library Stacks  |t 0  |e BX5100 .F3 1936  |h Library of Congress classification  |i unmediated -- volume  |m A14800623790 
998 f f |a BX5100 .F3 1936  |t 0  |l Evans: Library Stacks